000 00706nam a2200265Ia 4500
005 20260302115702.0
008 008 260114s9999 xx 000 0 eng d
020 _a9781839022814
037 _aTextbook
040 _aCRL
040 _beng
040 _cCRL
041 _2eng
041 _aeng
084 _qCRL
100 _aChris Holmlund, Lisa Purse and Yvonne Tasker
_91122342
245 0 _aAction Cinema Since 2000
260 _bBloomsbury
260 _bBritish Film Institute
260 _c2024
650 _aJournalism & mass Comm
856 _uhttps://doi.org/10.5040/9781839022814?locatt=label:secondary_bloomsburyCollections
942 _cEBOOK
999 _c1687116
_d1687116